A közművelődés feladatai a szocialista értékrend fejlesztésében
Elmentve itt :
| Szerző: | |
|---|---|
| Testületi szerző: | |
| Dokumentumtípus: | Könyv része |
| Megjelent: |
1985
|
| Sorozat: | Szegedi Nyári Egyetem : művelődéselmélet
14 Közművelődés - értékrend : gyűjtemény a TIT Szegedi XIV. Művelődéselméleti Nyári Egyetemén elhangzott előadásokból 14 |
| Kulcsszavak: | Művelődéspolitika - Magyarország - 1980-as évek, Közművelődés - Magyarország - 1980-as évek, Értékrendszer - szocialista |
| Tárgyszavak: | |
| Online Access: | http://acta.bibl.u-szeged.hu/44992 |
| LEADER | 01199naa a2200265 i 4500 | ||
|---|---|---|---|
| 001 | acta44992 | ||
| 005 | 20220128091911.0 | ||
| 008 | 170505s1985 hu o 0|| hun d | ||
| 020 | |a 963 412 199 3 | ||
| 022 | |a 0139-4118 | ||
| 040 | |a SZTE Egyetemi Kiadványok Repozitórium |b hun | ||
| 041 | |a hun | ||
| 100 | 1 | |a Kormos Sándor | |
| 245 | 1 | 2 | |a A közművelődés feladatai a szocialista értékrend fejlesztésében |h [elektronikus dokumentum] / |c Kormos Sándor |
| 260 | |c 1985 | ||
| 300 | |a 37-47 | ||
| 490 | 0 | |a Szegedi Nyári Egyetem : művelődéselmélet |v 14 | |
| 490 | 0 | |a Közművelődés - értékrend : gyűjtemény a TIT Szegedi XIV. Művelődéselméleti Nyári Egyetemén elhangzott előadásokból |v 14 | |
| 650 | 4 | |a Társadalomtudományok | |
| 650 | 4 | |a Szociológia | |
| 650 | 4 | |a Bölcsészettudományok | |
| 650 | 4 | |a Egyéb bölcsészettudományok | |
| 695 | |a Művelődéspolitika - Magyarország - 1980-as évek, Közművelődés - Magyarország - 1980-as évek, Értékrendszer - szocialista | ||
| 710 | |a TIT Szegedi Művelődéselméleti Nyári Egyetem (14.) (1985) (Szeged) | ||
| 856 | 4 | 0 | |u http://acta.bibl.u-szeged.hu/44992/1/sznye_muveledoselmelet_014_037-047.pdf |z Dokumentum-elérés |